Liedtext Quiz - Ruhrgebiet von Wolfgang Petry - Statistiken

Allgemein
  • Dieses Quiz wurde 139 mal gespielt
  • Das Durchschnittsergebnis liegt bei 222 aus 329
Antwortstatistiken
Antworten % Korrekt
Ruhrgebiet
100%
das
99%
das,
99%
Das
99%
die
98%
Die
98%
ich
93%
Ich
93%
Ihr
84%
mich
84%
und
84%
Und
84%
macht
82%
nie
81%
seid
81%
wir
80%
Wir
80%
hätt'
79%
gedacht
78%
los
77%
komm'
76%
Komm'
76%
bin
74%
süchtig
73%
Droge,
72%
mehr
72%
nicht
72%
sind
71%
von
71%
Für
70%
euch
67%
ist
67%
auf
64%
Wo
63%
du
61%
uns
61%
nur
59%
zählt
59%
Freundschaft
57%
hält
57%
Stahl
57%
aufrecht
53%
der
50%
Herz
50%
was
50%
Aus
49%
aus
49%
Hier
49%
hier
49%
bist
48%
Bist
48%
Wenn
48%
Seele
46%
Kohle
44%
Leben
43%
leben
43%
Zwischen
43%
zwischen
43%
Eine
42%
hin
42%
im
41%
bei
40%
Euer
40%
eure
40%
meine
40%
alles
39%
dein
39%
Gold,
39%
Rhein
39%
am
38%
Sonne
38%
Fußball
37%
keine
37%
Welt
37%
Abend
36%
„egal“
36%
egal
36%
Geld
36%
alleine
34%
Bier
34%
keiner
34%
zusammen
34%
habt
33%
in
33%
Weser,
33%
gehöre
32%
Arbeit,
31%
beginnt
31%
gnadenlos
31%
Heimat,
31%
Nacht
31%
Oase
31%
versinkt
31%
durch
30%
gefangen
30%
Krallen
30%
Revier
30%
sieht
30%
euren
29%
lieben,
29%
Nummer,
29%
denke
28%
feiern,
28%
kannst
28%
grüne
27%
Vergessen
27%
gehen
26%
tief
26%
atme
24%
dick
24%
dünn
24%
gemeinsam
24%
lassen
23%
fallen,
21%
kopfüber
20%
krummgemacht
11%
Keine übereinstimmenden Quizze gefunden
Verteilung der Resultate
Anzahl Personen mit jedem Resultat
Perzentil nach korrekt beantworteten Fragen
Ihre Resultats-Entwicklung
Sie haben dieses Quiz noch nicht gespielt